Curbing corruption in public procurement in Asia and the Pacific : Progress and challenges in 25 countries: thematic review: Australia - Bangladesh - Cambodia - P.R. China - Cook Islands - Fiji Islands - Hong Kong, China - India - Indonesia - Japan - Republic of Kazakhstan - Republic of Korea - Kyrgyz Republic - Malaysia - Mongolia - Nepal - Pakistan - Palau - Papua New Guinea - the Philippines - Samoa - Singapore - Thailand - Vanuatu - Vietnam
Contents: Inventory of measures for curbing corruption in puplic procurement in Asia-Pacific; Country reports: systems for curbing corruption in public procurement.
Đã lưu trong:
| Định dạng: | Sách |
|---|---|
| Ngôn ngữ: | Undetermined |
| Được phát hành: |
Manila
Asian Development Bank
2006
|
| Những chủ đề: | |
| Các nhãn: |
Thêm thẻ
Không có thẻ, Là người đầu tiên thẻ bản ghi này!
|
| Thư viện lưu trữ: | Trung tâm Học liệu Trường Đại học Cần Thơ |
|---|
| LEADER | 01141nam a2200193Ia 4500 | ||
|---|---|---|---|
| 001 | CTU_189541 | ||
| 008 | 210402s9999 xx 000 0 und d | ||
| 082 | |a 364.1323 | ||
| 082 | |b C975 | ||
| 245 | 0 | |a Curbing corruption in public procurement in Asia and the Pacific : | |
| 245 | 0 | |b Progress and challenges in 25 countries: thematic review: Australia - Bangladesh - Cambodia - P.R. China - Cook Islands - Fiji Islands - Hong Kong, China - India - Indonesia - Japan - Republic of Kazakhstan - Republic of Korea - Kyrgyz Republic - Malaysia - Mongolia - Nepal - Pakistan - Palau - Papua New Guinea - the Philippines - Samoa - Singapore - Thailand - Vanuatu - Vietnam | |
| 245 | 0 | |c ADB-OECD Anti-Corruption Initiative for Asia-Pacific, Asian Development Bank | |
| 260 | |a Manila | ||
| 260 | |b Asian Development Bank | ||
| 260 | |c 2006 | ||
| 520 | |a Contents: Inventory of measures for curbing corruption in puplic procurement in Asia-Pacific; Country reports: systems for curbing corruption in public procurement. | ||
| 650 | |a Political corruption,Tham nhũng | ||
| 904 | |i Giang | ||
| 980 | |a Trung tâm Học liệu Trường Đại học Cần Thơ | ||